Law, justice and rehabilitation : (Record no. 148485)
[ view plain ]
| 000 -LEADER | |
|---|---|
| fixed length control field | 01304cam5a220021700 4500 |
| 001 - CONTROL NUMBER | |
| control field | tmp15387364 |
| 003 - CONTROL NUMBER IDENTIFIER | |
| control field | UPRA |
| 005 - DATE AND TIME OF LATEST TRANSACTION | |
| control field | 20190823102917.0 |
| 008 - FIXED-LENGTH DATA ELEMENTS--GENERAL INFORMATION | |
| fixed length control field | 950801s1977 sz eng u |
| 035 ## - SYSTEM CONTROL NUMBER | |
| System control number | (Sirsi) r99836 |
| 035 ## - SYSTEM CONTROL NUMBER | |
| System control number | (UPRA)tmp15387364 |
| 040 ## - CATALOGING SOURCE | |
| Transcribing agency | UPRA |
| 111 2# - MAIN ENTRY--MEETING NAME | |
| Meeting name or jurisdiction name as entry element | World Assembly on Law, Justice and Rehabilitation in the Presence of His Holiness Maharishi Mahesh Yogi (1st : 1977 : Seelisberg, Switzerland) |
| Number of part/section/meeting | World Assembly on Law, Justice and Rehabilitation in the Presence of His Holiness Maharishi Mahesh Yogi (1st : 1977 : Seelisberg, Switzerland) |
| Date of meeting or treaty signing | World Assembly on Law, Justice and Rehabilitation in the Presence of His Holiness Maharishi Mahesh Yogi (1st : 1977 : Seelisberg, Switzerland) |
| Location of meeting | World Assembly on Law, Justice and Rehabilitation in the Presence of His Holiness Maharishi Mahesh Yogi (1st : 1977 : Seelisberg, Switzerland) |
| Linkage | A58273.1 |
| 245 10 - TITLE STATEMENT | |
| Title | Law, justice and rehabilitation : |
| Remainder of title | [proceedings ... ]. |
| 260 ## - PUBLICATION, DISTRIBUTION, ETC. | |
| Place of publication, distribution, etc. | [Seelisberg : |
| Name of publisher, distributor, etc. | World Govt. of the Age of Enlightenment, |
| Date of publication, distribution, etc. | 1977] |
| 650 #0 - SUBJECT ADDED ENTRY--TOPICAL TERM | |
| Topical term or geographic name entry element | Consciousness -- Congresses. |
| General subdivision | Consciousness -- Congresses. |
| Linkage | S44901.1 |
| 650 #0 - SUBJECT ADDED ENTRY--TOPICAL TERM | |
| Topical term or geographic name entry element | Transcendentalism -- Congresses. |
| General subdivision | Transcendentalism -- Congresses. |
| Linkage | S44902.1 |
| 650 #0 - SUBJECT ADDED ENTRY--TOPICAL TERM | |
| Topical term or geographic name entry element | Yogis. |
| Linkage | S44903.1 |
| 949 ## - LOCAL PROCESSING INFORMATION (OCLC) | |
| a | BF637 |
| w | lcc |
| i | -142345 |
| m | MAIN |
| t | BOOK |
| l | ON-SHELF |
No items available.